1º Seminario Galego de Arte-Comunicación / (Record no. 13172)

MARC details
000 -LEADER
campo de control de longitud fija 01140nam a2200253 i 4500
001 - NÚMERO DE CONTROL
campo de control 13172
003 - IDENTIFICADOR DE NÚMERO DE CONTROL
campo de control ES-MaACL
005 - FECHA Y HORA DE LA ÚLTIMA TRANSACCIÓN
campo de control 20251220172858.0
007 - CAMPO FIJO DE DESCRIPCIÓN FÍSICA--INFORMACIÓN GENERAL
campo de control de longitud fija t|
008 - DATOS DE LONGITUD FIJA--INFORMACIÓN GENERAL
campo de control de longitud fija 000000s1984 sp ab ||||0| gao
020 ## - NÚMERO INTERNACIONAL ESTÁNDAR DEL LIBRO
Número Internacional Estándar del Libro 84-7492-210-0
080 ## - NÚMERO DE LA CLASIFICACIÓN DECIMAL UNIVERSAL
Número de la Clasificación Decimal Universal 301.153.2:7:061.3(46)"1982"
111 0# - ENTRADA PRINCIPAL--NOMBRE DE CONGRESO/REUNIÓN
Nombre de congreso/reunión o jurisdicción como elemento de entrada Seminario Galego de Arte.
Unidad subordinada
Número del congreso/reunión o número de parte o sección (I.
Fecha del congreso o de la firma del tratado 1982.
Sede del congreso/Lugar de la reunión Sada)
9 (RLIN) 1048
245 10 - MENCIÓN DEL TÍTULO
Título 1º Seminario Galego de Arte-Comunicación /
Mención de responsabilidad, etc. coordinado pola Area de Arte-Comunicación, do Seminario de Estudos Galegos, con motivo de súa constitución, e celebrado no Laboratorio do Castro (Sada-Coruña), os días 11 e 12 de decembro de 1982.
260 ## - PUBLICACIÓN, DISTRIBUCIÓN, ETC.
Lugar de publicación, distribución, etc. Sada, A Coruña :
Nombre del editor, distribuidor, etc. Ediciós do Castro,
Fecha de publicación, distribución, etc. [1984]
300 ## - DESCRIPCIÓN FÍSICA
Extensión 164 p., [8] p. de lám. :
Otras características físicas il. ;
Dimensiones 24 cm.
490 1# - MENCIÓN DE SERIE
Mención de serie Cuadernos de área de arte-comunicación ;
Designación de volumen o secuencia 1.
Mención de serie Publicacións de Seminario de Estudos Galegos
500 ## - NOTA GENERAL
Nota general Índice.
504 ## - NOTA DE BIBLIOGRAFÍA, ETC.
Nota de bibliografía, etc. Bibliografía.
650 14 - PUNTO DE ACCESO ADICIONAL DE MATERIA--TÉRMINO DE MATERIA
Término de materia o nombre geográfico como elemento de entrada Medios de comunicación social y arte-
Subdivisión de forma Congresos y asambleas.
9 (RLIN) 14979
830 00 - PUNTO DE ACCESO ADICIONAL DE SERIE-TÍTULO UNIFORME
Título uniforme Cuadernos de área de arte-comunicación
Designación de volumen o secuencia 1.
9 (RLIN) 228288
852 ## - LOCALIZACIÓN
Ubicación ES-MaACL
Número de control de estantería L-20482
Holdings
Estatus retirado Estado de pérdida Estado de daño No para préstamo Biblioteca de origen Biblioteca actual Ubicación en estantería Fecha de adquisición Fuente de adquisición Total de préstamos Signatura topográfica completa Código de barras Visto por última vez Precio de reemplazo Tipo de ítem Koha
        Biblioteca del Ateneo de Madrid Biblioteca del Ateneo de Madrid Depósito 2 17/01/2008     L-20482 1013413 23/02/2023 23/02/2023 Libro impreso